000 00863cam a2200253 i 4500
003 OSt
005 20230703102214.0
008 180723s2019 enk b 001 0 eng c
020 _a9780815393344
_q(hardback)
020 _a9780367587222
040 _cNIRUC
_dNIRUC
050 0 0 _aJF1525.I58
_b 2019
100 _aLeigh, Ian
245 0 0 _aIntelligence oversight in the twenty-first century :
_baccountability in a changing world /
_cedited by Ian Leigh and Njord Wegge.
264 1 _aNew York :
_bRoutledge, Taylor & Francis Group,
_c2019.
300 _aix, 208 p. ;
_c25 cm.
504 _aIncludes bibliographical references and index.
650 0 _aIntelligence service
_xGovernment policy.
650 0 _aLegislative oversight.
650 0 _aGovernment accountability.
650 0 _aInternational relations.
700 1 _aWegge, Njord,
942 _2lcc
_cBK
_n0
999 _c427
_d427